| 000 | 01946nam0a2200337 4500 | ||
|---|---|---|---|
| 001 | RU\NLR\bibl\926322 | ||
| 005 | 20250614191450.0 | ||
| 021 |
_aRU _b2006-2885 _9128 |
||
| 035 | _a(NLR Aleph) 000914573 | ||
| 090 |
_a61078 _c61078 |
||
| 100 | _a20060404d2005 |||y0rusy50 ca | ||
| 101 | 0 | _arus | |
| 102 | _aRU | ||
| 105 | _aa ||||||||| | ||
| 200 | 1 |
_aФизиология возбудимых тканей _eучебно-методическое пособие для аудиторной и внеаудиторной работы студентов _fГ.С. Тупиневич, А.Ф. Гайсина, А.Ф. Каюмова _gГос. образоват. учреждение высш. проф. образования "Башк. гос. мед. ун-т Федер. агентства по здравоохранению и социал. развитию Рос. Федерации" |
|
| 210 |
_aУфа _cБГМУ Росздрава _d2005 |
||
| 215 |
_a53 с. _cил. _d21 |
||
| 320 | _aБиблиогр.: с. 53 | ||
| 606 | 1 |
_aМышечные волокна _jУчебно-методические пособия для высших учебных заведений _xВозбудимость _92343018 _3RU\NLR\auth\661400373 |
|
| 606 | 1 |
_aНервные волокна _jУчебно-методические пособия для высших учебных заведений _xВозбудимость _92076826 _3RU\NLR\auth\661252022 |
|
| 686 | _aЕ982.3я732Р | ||
| 686 | _aЕ991.3я732Р | ||
| 700 | 1 |
_aТупиневич _bГ. С. _gГалина Сергеевна _4070 |
|
| 701 | 1 |
_aГайсина _bА. Ф. _gАнуза Фанузовна _4070 |
|
| 701 | 1 |
_4070 _7ca _8rus _aКаюмова _bА. Ф. _f1961- _gАлия Фаритовна _9266578 _3RU\NLR\AUTH\770266634 |
|
| 801 | 0 |
_aRU _bNLR _c20060404 _grcr |
|
| 801 | 1 |
_aRU _bNLR _c20060404 |
|
| 830 | _aАвт. по кн. | ||
| 942 | _cBOOK | ||
| 980 | _aNB | ||